000 00982nam a2200265Ia 4500
003 OSt
005 20221005112749.0
006 a|||||r|||| 00| 0
007 ta
008 221004b |||||||| |||| 00| 0 pan d
020 _a8182990904
_c150
024 _a80600
037 _b7848/I, 21/02/2011, Arsee Publishers
_cTextual
040 _aCRL
_cCRL
_bpan
041 _2pan
_apan
082 _aO153,1NRA:g, [Q2]
100 _aਸੈਖ਼ੀ, ਦੇਵਿੰਦਰ
245 0 _aਇਕਬਾਲ ਰਾਮੂਵਾਲੀਆ ਕਾਵਿ
_b ਉਤਰ ਆਧੁਨਿਕ ਪਰਿਪੇਖ
260 _aਦਿੱਲੀ
_bਆਰਸੀ ਪਬਲਿਰਗ਼ ਭਾਰਤ
_c2012
300 _a160ਪੰ
_ccm.
650 _a ਪੰਜਾਬੀ ਕਾਵਿ
650 _aਪੰਜਾਬੀ ਸਾਹਿਤ
942 _hO153,1NRA:g, [Q2]
_cTEXL
_2cc
999 _c1025899
_d1025899